Прогнозирование последствий чрезвычайных ситуаций природного и техногенного характера (Запись № 13660776)

Подробности
000 -МАРКЕР
контрольное поле 02189nam0a2200349 4500
001 - ИДЕНТИФИКАТОР ЗАПИСИ
контрольное поле RU\NLR\BIBL_A\022279393
005 - ИДЕНТИФИКАТОР ВЕРСИИ
контрольное поле 20260420012236.0
010 ## - МЕЖДУНАРОДНЫЙ СТАНДАРТНЫЙ НОМЕР КНИГИ (ISBN)
Номер (ISBN) 978-5-907599-30-7
Тираж 300
021 ## - НОМЕР ГОСУДАРСТВЕННОЙ РЕГИСТРАЦИИ
Код страны Российская Федерация
Номер КН-П-24-032655
Номер Листа государственной регистраци КН-П-24-3304
035 ## - ДРУГИЕ СИСТЕМНЫЕ НОМЕРА
Идентификатор записи (NLR Aleph) 022279393
100 ## - ДАННЫЕ ОБЩЕЙ ОБРАБОТКИ
Данные общей обработки 20240716d2022 u y0rusy50 ca
101 0# - ЯЗЫК РЕСУРСА
Язык текста, звукозаписи и т.д. русский
102 ## - СТРАНА ПУБЛИКАЦИИ ИЛИ ПРОИЗВОДСТВА
Страна публикации Российская Федерация
105 ## - ПОЛЕ КОДИРОВАННЫХ ДАННЫХ: ТЕКСТОВЫЕ МАТЕРИАЛЫ, МОНОГРАФИЧЕСКИЕ
Кодированные данные о монографическом текстовом документе a|||j|||000yy
181 #0 - ПОЛЕ КОДИРОВАННЫХ ДАННЫХ: ВИД СОДЕРЖАНИЯ
Код вида содержания (ISBD) i
Код характеристики содержания (ISBD) axxe
182 #0 - ПОЛЕ КОДИРОВАННЫХ ДАННЫХ: ТИП СРЕДСТВА
Код типа средства (ISBD) n - непосредственное
200 1# - ЗАГЛАВИЕ И СВЕДЕНИЯ ОБ ОТВЕТСТВЕННОСТИ
Основное заглавие Прогнозирование последствий чрезвычайных ситуаций природного и техногенного характера
Сведения, относящиеся к заглавию учебное пособие
Первые сведения об ответственности О. Н. Чудинова, Т. В. Чередова, А. А. Бутакова, Ю. С. Воронина
Последующие сведения об ответственности Минобрнауки России, Федеральное государственное бюджетное образовательное учреждение высшего образования "Восточно-Сибирский государственный университет технологий и управления" (ВСГУТУ)
203 ## - ВИД СОДЕРЖАНИЯ И ТИП СРЕДСТВА
Вид содержания Текст
Дополнительные сведения об издании визуальный
Тип средства непосредственный
210 ## - ПУБЛИКАЦИЯ, РАСПРОСТРАНЕНИЕ И ДР.
Место издания, распространения и т.д. Улан-Удэ
Имя издателя, распространителя и т. д. Изд-во ВСГУТУ
Дата издания, распространения и т.д. 2022
215 ## - ФИЗИЧЕСКАЯ ХАРАКТЕРИСТИКА
Специфическое обозначение материала и объем 85 с.
Другие сведения о физической характеристике ил., табл.
Размеры 29
606 1# - НАИМЕНОВАНИЕ ТЕМЫ КАК ПРЕДМЕТ
Наименование темы Техногенные катастрофы
Формальный подзаголовок Учебные издания для высших учебных заведений
Тематический подзаголовок Безопасность жизнедеятельности
Системный номер авторитетной/нормативной записи 2274128
Идентификатор авторитетной/нормативной записи RU\NLR\AUTH\661362915
606 1# - НАИМЕНОВАНИЕ ТЕМЫ КАК ПРЕДМЕТ
Наименование темы Чрезвычайные ситуации
Формальный подзаголовок Учебные издания для высших учебных заведений
Тематический подзаголовок Прогнозирование
Системный номер авторитетной/нормативной записи 2169616
Идентификатор авторитетной/нормативной записи RU\NLR\AUTH\661305189
686 1# - ИНДЕКСЫ ДРУГИХ КЛАССИФИКАЦИЙ
Индекс Ц69,5(0)0я73-1
701 #1 - ИМЯ ЛИЦА - АЛЬТЕРНАТИВНАЯ ОТВЕТСТВЕННОСТЬ
Начальный элемент ввода Чудинова
Часть имени, кроме начального элемента ввода О. Н.
Расширение инициалов личного имени Ольга Николаевна
701 #1 - ИМЯ ЛИЦА - АЛЬТЕРНАТИВНАЯ ОТВЕТСТВЕННОСТЬ
Начальный элемент ввода Чередова
Часть имени, кроме начального элемента ввода Т. В.
Расширение инициалов личного имени Татьяна Викторовна
701 #1 - ИМЯ ЛИЦА - АЛЬТЕРНАТИВНАЯ ОТВЕТСТВЕННОСТЬ
Начальный элемент ввода Бутакова
Часть имени, кроме начального элемента ввода А. А.
Расширение инициалов личного имени Анна Александровна
701 #1 - ИМЯ ЛИЦА - АЛЬТЕРНАТИВНАЯ ОТВЕТСТВЕННОСТЬ
Начальный элемент ввода Воронина
Часть имени, кроме начального элемента ввода Ю. С.
Расширение инициалов личного имени Юлия Сергеевна
942 ## - ДОПОЛНИТЕЛЬНЫЕ ЭЛЕМЕНТЫ ЗАПИСИ (АБИС)
Тип экземпляра АБИС Книга
980 ## - КОЛЛЕКЦИЯ
Название коллекции Национальная библиография

Нет доступных экземпляров.